Ley de concursos y quiebras no. 24522 /
Guardado en:
| Formato: | Libro |
|---|---|
| Publicado: |
Buenos Aires :
Zavalía,
1995
|
| Materias: | |
| Etiquetas: |
Agregar Etiqueta
Sin Etiquetas, Sea el primero en etiquetar este registro!
|
| LEADER | 00432nam a22001455a 4500 | ||
|---|---|---|---|
| 001 | CEM.cems009030 | ||
| 005 | 20090914123029.0 | ||
| 008 | 130507s1995##################000#0#####d | ||
| 003 | CEMS | ||
| 082 | 0 | 4 | |a 347.6 |
| 245 | 0 | 0 | |a Ley de concursos y quiebras no. 24522 / |
| 260 | |a Buenos Aires : |b Zavalía, |c 1995 | ||
| 300 | |a 86 p. | ||
| 653 | |a Ley de concurso y quiebras | ||
| 859 | |a CEMS |b BIB. CEMS - 11 de abril |h 347.6 |i Ar37-1 |p 18647.95 |t Ej.1 |v 1995 |3 1995 | ||
